000 01271nam a2200361 i 4500
001 196291
003 ES-MaACL
005 20251014000439.0
007 ta
008 240828s2000 sp | ||| ||spa
016 7 _abimoBNE20010391430
_2SpMaBN
017 _aB 49764-2000
_bOficina Depósito Legal Barcelona
020 _a978422685692
035 _a(OCoLC)433950964
035 _a(SpMaBN)bimo0001669670
035 _a991006065559708606
040 _aSpMaBN
_bspa
_cSpMaBN
_erdc
_dES-MaACL
080 _a929 Hitler, Adolf
100 0 _aKershaw, Ian,
_d1943-
_967940
245 1 0 _aHitler, 1936-1945 /
_cIan Kershaw ; traducción de José Manuel Álvarez Flórez
260 _aBarcelona :
_bCírculo de Lectores,
_c[2000]
300 _a1069 p., [48] p. de fot. ;
_c24 cm
504 _aBibliografía: p. 1011-1050
600 1 4 _aHitler, Adolf,
_d1889-1945-
_xBiografías
_963837
655 0 _aBiografías
_9176647
852 _aES-MaACL
_cDEPOJ
_jA-15526
_9204008
_hDonación: Fernando Codina Rodríguez
903 _aCodina Rodríguez, Fernando
_q1
_ednr
_9238631
942 _n0
_cMONOGRAFIA
999 _c196291
_d196291